Seinfeld Nicknames Quiz Stats

 Plays Quiz Updated Nov 15, 2018

     
Support Sporcle.
Go Orange.
Score 0/20 Timer 08:00
2 Plays Today
Scenario Nickname % Correct
Elaine's nickname after she sent out the Christmas card photographed by KramerNip
86.1%
Kramer's temporary nickname after he got a proctologist's vanity license plates by mistakeThe Assman
84%
Nickname of the sick (and not very nice) kid that George played Trivial Pursuit with on the way upstateThe bubble boy
83%
Nickname of Yev Kasem, who mistakenly left valuable recipes in an armoire he gave to KramerThe Soup Nazi
81%
Kramer's girlfriend's nickname who convinced Jerry to wear the puffy shirtLow talker
74.1%
Nickname given to George in high school by Mr. Hayman, the gym teacherCan't Stand Ya
72.8%
Nickname of Jerry's British accented girlfriend who specialized in closets and was eventually bedded by JFK Jr.The Virgin
70.5%
George's preferred nickname while working for Kruger Industrial Smoothing; stolen by a co-workerT-bone
69.8%
Pseudonym of the supposed importer/exporter George and Jerry were 'visiting' to 'accidentally' bump into a girl Jerry likedArt Vandelay
68.9%
Nickname of Elaine's boyfriend who took great care of Morty & Helen Seinfeld while they visited New YorkThe close-talker
64%
Scenario Nickname % Correct
Nickname George would choose if he were a porn starBuck Naked
57.2%
The nickname Kruger gave George insteadKoko the monkey
48%
Nickname of Jerry's friend whose marriage plans fell apart when he found out it was planned for the day of the Super BowlThe Drake
45.3%
Nickname given by Jerry to Elaine's boyfriend that hurt his face mountain climbingMimbo (a male bimbo)
43.9%
Name, rather than Costanza, mistakenly called out by the manager of the Chinese Restaurant, causing George to miss an important phone callCartwright
43.8%
Nickname of Kevin, whose friends Gene and Feldman were eerily reminiscent of George and KramerBizarro Jerry
42.2%
Nickname of Elaine's co-worker to whom she gave Tic-Tacs in order to track his movementsThe Sidler
39.2%
Pseudonym (last name only) assumed by George to gain access to what would later turn out to be a white supremacist's limoO'Brien
35.8%
Name one of the two horses George claimed to own when driving the Rosses out to 'his' house in the HamptonsSnoopy and Prickly Pete
26.8%
Nickname of an Elaine boyfriend who nearly died of a Junior Mint - the nickname referred to his paintingsThe Triangle Guy
21%

From the Vault

NBA Players By Card

by hempick

Sports 5m
Gotta catch 'em all? Wait, that's not right.
Remove Ads.
Support Sporcle.
Get the best of Sporcle when you Go Orange. This ad-free experience offers more features, more stats, and more fun while also helping to support Sporcle. Thank you for becoming a member.

Show Comments

Extras

Top Quizzes Today


Score Distribution

Your Account Isn't Verified!

In order to create a playlist on Sporcle, you need to verify the email address you used during registration. Go to your Sporcle Settings to finish the process.

Report this User

Report this user for behavior that violates our Community Guidelines.

Details: